| 000 | 00618cam a2200181 a 4500 | ||
|---|---|---|---|
| 020 | _a0419228209 | ||
| 082 | 0 | 0 |
_a690 _bMCA _cL-39, P-166 |
| 100 | 1 |
_aMcAdam, Peter S. _945141 |
|
| 245 | 1 | 0 |
_aFormwork : _ba practical approach / _cPeter S. McAdam and Geoffrey Lee. |
| 260 |
_aLondon ; _aNew York : _bE & FN Spon, _cc1997. |
||
| 300 |
_a193 p. : _bill. ; _c30 cm. |
||
| 526 |
_a0 _b0 _c0 _d690_000000000000000_MCA |
||
| 650 | 0 |
_aConcrete construction _xFormwork. _945142 |
|
| 650 | 0 |
_aMCE _9379 |
|
| 700 | 1 |
_aLee, Geoffrey. _945143 |
|
| 856 | 4 | 2 | _uhttp://www.loc.gov/catdir/enhancements/fy0651/98116359-d.html |
| 942 |
_2ddc _cBK |
||
| 999 |
_c548726 _d548726 |
||